000 01249naa a22003137a 4500
001 BR8305485
003 BR-BrBNA
005 20250721143234.0
007 ta
008 250630b bl.|||m| |||| 00| 0 por d
040 _aBR-BrBNA
_bpor
_cBiblioteca Nacional de Agricultura
041 _a(Pt)
072 _aF25; F00
_b0240
_b3840
090 _aF25 BR8305485
100 1 _aCordeiro, D.S.
100 1 _aKichel, A.N.
100 1 _aSilveira Junior, P.
100 1 _aSilva, F.T. da
111 1 _a12. Reuniao Tecnica Anual do Sorgo
_cPelotas, RS (Brazil)
_d9-12 Aug 1983
245 1 _aEfeito da adubacao mineral aplicada em residuos vegetais encorporados ao solo, nos componentes de producao do sorgo sacarino [Sorghum vulgare Saccharatum]
500 _aAnais da 12. Reuniao Tecnica Anual do Sorgo Pelotas, RS (Brasil): 1983. p. 207-221 [11 graphs] (BR8305485-AMS)
773 0 _tAnais da 12. Reuniao Tecnica Anual do Sorgo
_wF25 BR8305485
_gPelotas, RS (Brasil), 1983. p. 207-221
650 _aSORGO ACUCAREIRO
650 _aADUBACAO
650 _aPRODUCAO VEGETAL
490 _aDocumentos - Unidade de Execucao de Pesquisa de Ambito Estadual de Pelotas (Brazil)
_vno. 15
942 _cAMS
_2AGRIS
909 _a202506
_bLúcia
_c55
_dLúcia Elande
999 _c334602
_d334602